Top 100 des meilleurs scoreurs des Celtics - Statistiques

Statistiques générales
  • Ce quiz a été pris 131 fois
    70 depuis la dernière actualisation
  • Le résultat moyen est 20 sur 100
Statistiques - réponses
Points Joueurs Saisons Nombre de matchs joués % Correct
5512 Dee Brown 1991-98 476
97%
8428 Jaylen Brown 2017- 470
97%
9865 Jayson Tatum 2018- 439
97%
21791 Larry Bird 1980-92 897
93%
14522 Bill Russell 1957-69 963
82%
24021 Paul Pierce 1999-13 1102
77%
4121 Al Horford 2016-19, 2021- 340
74%
6233 Kevin Garnett 2008-13 396
74%
6141 Marcus Smart 2015-23 581
70%
26395 John Havlicek 1963-78 1270
64%
5987 Ray Allen 2008-12 358
62%
4422 Isaiah Thomas 2015-17 179
61%
3062 Kyrie Irving 2018-19 127
61%
2423 Tony Allen 2005-10 336
59%
5783 Rajon Rondo 2007-15 527
56%
16955 Bob Cousy 1951-63 917
52%
13188 Jo Jo White 1970-79 717
52%
18245 Robert Parish 1981-94 1106
49%
17335 Kevin McHale 1981-93 971
46%
1774 Grant Williams 2020-23 288
44%
4248 Eric Williams 1996-97, 2000-04 462
43%
1534 Robert Williams 2019- 209
43%
11386 Antoine Walker 1997-03, 2005 552
34%
5011 K.C. Jones 1959-67 676
34%
1974 Kemba Walker 2020-21 99
34%
15411 Sam Jones 1958-69 871
34%
1736 Gordon Hayward 2018-20 125
33%
2917 Kendrick Perkins 2004-11 454
30%
6805 Dennis Johnson 1984-90 541
26%
13192 Dave Cowens 1971-80 726
21%
3252 Jeff Green 2011-15 222
21%
6257 Danny Ainge 1982-89 556
18%
1869 Daniel Theis 2018-21, 2022 257
16%
2576 Jae Crowder 2015-17 202
15%
5008 Avery Bradley 2011-17 413
13%
2090 Terry Rozier 2016-19 272
13%
2628 Kelly Olynyk 2014-17 278
10%
1780 Marcus Morris 2018-19 129
10%
7902 Reggie Lewis 1988-93 450
10%
8311 Cedric Maxwell 1978-85 607
8%
2098 Glen Davis 2008-11 277
8%
2940 Ricky Davis 2004-06 181
8%
12287 Bill Sharman 1952-61 680
7%
1991 Delonte West 2005-07, 2010 203
7%
3521 Gerald Henderson 1980-84 400
7%
3744 Paul Silas 1973-76 325
7%
4550 Tiny Archibald 1979-83 363
7%
12194 Tom Heinsohn 1957-65 654
7%
8766 Tom Sanders 1961-73 916
7%
5812 Bailey Howell 1967-70 323
5%
1692 Bob Harris 1951-54 251
5%
3216 Brandon Bass 2012-15 304
5%
7882 Ed Macauley 1951-56 416
5%
1633 Evan Turner 2015-16 163
5%
8378 Frank Ramsey 1955-64 623
5%
2717 Kenny Anderson 1998-02 241
5%
5420 Larry Siegfried 1964-70 466
5%
2046 Al Jefferson 2005-07 199
3%
2728 Charlie Scott 1976-78 156
3%
1633 Eddie House 2008-10 209
3%
2274 Willie Naulls 1964-66 220
3%
1466 Curtis Rowe 1977-79 183
2%
2627 David Wesley 1995-97 207
2%
1370 Dominique Wilkins 1995 77
2%
5689 Don Chaney 1968-75, 1978-80 652
2%
9968 Don Nelson 1966-76 872
2%
1742 Bob Brannum 1952-55 279
0%
1818 Bob Donham 1951-54 273
0%
1969 Brian Shaw 1989-92 178
0%
3194 Chris Ford 1979-82 309
0%
1850 Chuck Cooper 1951-54 272
0%
3109 Dana Barros 1996-00, 2004 307
0%
3733 Dino Radja 1994-97 224
0%
2060 Ed Pinckney 1989-94 340
0%
1902 Greg Minor 1995-99 277
0%
2005 Hank Finkel 1970-75 436
0%
2747 Jack Nichols 1954-58 314
0%
2856 Jared Sullinger 2013-16 258
0%
3156 Jim Loscutoff 1956-64 511
0%
1447 Joe Kleine 1989-93 329
0%
4895 Kevin Gamble 1989-94 436
0%
1568 Kevin Stacom 1975-79 296
0%
2561 Mark Blount 2001-06 338
0%
2285 M.L. Carr 1980-85 363
0%
1636 Paul Westphal 1973-75 224
0%
1655 Raef LaFrentz 2004-06 179
0%
4759 Rick Fox 1992-97 444
0%
2829 Rick Robey 1979-83 339
0%
1919 Ron Mercer 1998-99 121
0%
1342 Ryan Gomes 2006-07 134
0%
1689 Scott Wedman 1983-87 271
0%
2981 Sherman Douglas 1992-96 269
0%
2321 Sidney Wicks 1977-78 163
0%
2929 Steve Kuberski 1970-74, 1976-78 499
0%
2027 Todd Day 1996-97 152
0%
2269 Tony Battie 1999-04 336
0%
1375 Tyler Zeller 2015-17 193
0%
2053 Vitaly Potapenko 1999-02 273
0%
2806 Walter McCarty 1998-05 494
0%
2626 Xavier McDaniel 1993-95 232
0%
Aucun quiz correspondant
Distribution des résultats
% des personnes avec chaque résultat
Percentile par nombre de réponses
Votre historique - résultats
Vous n’avez pas pris ce quiz depuis la dernière actualisation